Rentabilita vložených prostředků a podniková rizika ve finančním rozhodování. 1.
Rozhodovanie o tom, do čoho investovať, o spôsobe finančného krytia investovaných prostriedkov a o rozdelení zisku. Podstata, definícia a meranie rizika. Očakávaná rentabilita vložených prostriedkov a meranie rizika prostredníctvom štandardnej odchýlky.
Saved in:
| Main Author: | |
|---|---|
| Format: | Book Chapter |
| Language: | Czech |
| Subjects: | |
| Tags: |
No Tags, Be the first to tag this record!
|
MARC
| LEADER | 00000naa a2200000 4500 | ||
|---|---|---|---|
| 001 | r002285 | ||
| 005 | 20220819181102.9 | ||
| 041 | 0 | |a cze | |
| 044 | |a [CS] | ||
| 245 | 1 | 0 | |a Rentabilita vložených prostředků a podniková rizika ve finančním rozhodování. 1. |c Marie Míková |
| 520 | |a Rozhodovanie o tom, do čoho investovať, o spôsobe finančného krytia investovaných prostriedkov a o rozdelení zisku. Podstata, definícia a meranie rizika. Očakávaná rentabilita vložených prostriedkov a meranie rizika prostredníctvom štandardnej odchýlky. | ||
| 610 | 2 | 0 | |a financovanie |
| 610 | 2 | 0 | |a rozhodovanie finančné |
| 610 | 2 | 0 | |a riziko |
| 610 | 2 | 0 | |a financovanie investícií |
| 610 | 2 | 0 | |a investície |
| 610 | 2 | 0 | |a dividendy |
| 610 | 2 | 0 | |a spoločnosti akciové |
| 610 | 2 | 0 | |a rentabilita |
| 610 | 2 | 0 | |a rozdelenie pravdepodobnosti |
| 610 | 2 | 0 | |a rozdeľovanie zisku |
| 100 | 1 | |a Míková, Marie | |